| 000 | 00000nam 2200000za 4500 |
| 001 | 9.806949 |
| 003 | CaOODSP |
| 005 | 20221107140023 |
| 007 | cr ||||||||||| |
| 008 | 150407s2008 onc||||| f|0| 0 fre d |
| 040 | |aCaOODSP|bfre |
| 041 | |afre|aeng |
| 043 | |an-cn--- |
| 086 | 1 |aCH57-4/1-2008-PDF |
| 245 | 00|aPreserving Aboriginal heritage |h[ressource électronique] : |btechnical and traditional approaches: proceedings of a conference Symposium 2007 = Préserver le patrimoine autochtone : approches techniques et traditionnelles : actes d'un congrès Symposium 2007 / |csous la direction de Carole Dignard,... [et al.]. |
| 246 | 11|aPréserver le patrimoine autochtone : |bapproches techniques et traditionnelles : actes du Symposium 2007 |
| 260 | |aOttawa : |bPatrimoine canadien, |c2008. |
| 300 | |axxii, 406 p. : |bgraphiques, ill., tableaux, photographies. |
| 500 | |a«Ottawa, Canada, du 24 au 28 septembre 2007. Organisé par l'Institut canadien de conservation». |
| 504 | |aComprend des réf. bibliogr. |
| 546 | |aTexte en français et en anglais. |
| 692 | 07|2gccst|aCulture autochtone |
| 692 | 07|2gccst|aProtection du patrimoine |
| 692 | 07|2gccst|aCollection muséale |
| 700 | 1 |aDignard, Carole. |
| 710 | 1 |aCanada. |bPatrimoine canadien. |
| 776 | 0#|tPréserver le patrimoine autochtone, approches techniques et traditionnelles : |w(CaOODSP)9.670574 |
| 791 | |tPreserving Aboriginal heritage |eeng|w(CaOODSP)9.806938 |
| 856 | 40|qPDF|s144.39 Mo|uhttps://publications.gc.ca/collections/collection_2015/pc-ch/CH57-4-1-2008.pdf |